000 00750nas a2200229 4500
001 BR8101900
003 BR-BrBNA
005 20231205084616.0
007 ta
008 230509b bl.|||p| |||| 00| 00por d
040 _aBR-BrBNA
_bpor
_cBiblioteca Nacional de Agricultura
041 _a(Pt)
072 _aK50
100 1 _aAnon.
245 1 _aCaracteristicas das madeiras tropicais destinadas para a producao de madeira compensada para tapumes e formas de concreto [Industria florestal]
650 _aIndustria florestal
650 _aMadeira
650 _aCompensado
773 0 _tRevista da Madeira (Brazil)
_xISSN 0034-7582
_g(Apr 1981), v. 30(352) p. 14-20
_wBR8101900
909 _a202311
_bLúcia
_c55
_dLúcia Elande
942 _2AGRIS
_n0
_cANA
999 _c106224
_d106224